Statistics for 10 Most Populous Countries

Click here to take the quiz!

General Stats

  • This quiz has been taken 27 times
  • The average score is 9 of 10

Answer Stats

PopulationCountry% Correct
1.45bChina
100%
1.41bIndia
100%
334mUnited States of America
96%
219mBrazil
92%
145mRussia
92%
128mMexico
88%
220mNigeria
88%
280mIndonesia
80%
230mPakistan
80%
170mBangladesh
76%

Score Distribution

Percentile by Number Answered

Percent of People with Each Score

Your Score History

You have not taken this quiz